00772nam a2200193Ia 4500003000900000008004100009020002200050040001600072080002200088111006400110245020900174260003000383300001700413490005300430650002400483650002200507650002500529700002400554IN-BaIIA211028s9999 xx 000 0 eng d a978-1-4020-5572-0 cIIA Library a524.6(082.1)bISL aConference on Island UniversescNetherlandsd2005 July 3 -8 0aIsland universes-structure and evolution of disk galaxiesbproceedings of the conference held in Terschelling, Netherlands, 3 -8 July 2005cedited by R. S. De Jong  aDordrechtbSpringerc2007 axxiii, 581p. aAstrophysics and space science proceedings; v. 3 aDisks(Astrophysics) aGalactic dynamics aGalaxies - Evolution aDe Jong, R. S., ed.